00554nam a2200169 a 45000010005000000030009000050080041000140200015000550400028000700820017000981000026001152450147001412600030002883000010003186500025003286500031003535737CO-ViMGA141112s2004 ck r 000 u spa d a8476951396 aCO-ViMGAbspacCO-ViMGA04a346.007 D3711 aDesantes Real, Manuel10aLas Obligaciones Contractuales Internacionales en Moneda Extranjera Problemas Relativas al Ambito de la Ley Aplicable / cManuel Desantes Real aMadrid : bLa ley, c1994 a258 p14aDEUDAS - LEGISLACION14aOBLIGACIONES CONTRACTUALES